Du contrat social : ou, Principes du droit politique /

Saved in:
Bibliographic Details
Main Author: Rousseau, Jean-Jacques, 1712-1778
Format: Book
Language:English
Published: Manchester : University Press, 1918.
Series:Modern language texts. French series. Modern section
LEADER 00849nam a2200205 i 4500
001 c000257051
003 CARM
005 00000000000000.0
008 850403s1918 enk 0 eng d
019 1 |a 8529480  |z 41554063  |5 LACONCORD2021 
035 |a (OCoLC)8784175  |5 LACONCORD2021 
082 0 4 |a 194 
100 1 |a Rousseau, Jean-Jacques,  |d 1712-1778. 
245 1 0 |a Du contrat social :  |b ou, Principes du droit politique /  |c [par] Jean Jacques Rousseau ; Edited by C. E. Vaughan. 
260 |a Manchester :  |b University Press,  |c 1918. 
300 |a 184 p. 
440 0 |a Modern language texts.  |p French series.  |p Modern section 
852 8 |b CARM  |h A2:AP02A0  |i A03488  |p 0322422  |f BK 
999 f f |i 91bf6bab-c408-5683-a492-76ff9dc66b63  |s 8e9e01aa-d1fc-52ef-a34b-21a9756ab22e 
952 f f |p Can circulate  |a CAVAL  |b CAVAL  |c CAVAL  |d CARM 1 Store  |e A03488  |f A2:AP02A0  |h Other scheme  |i book  |m 0322422